The Five Ws (and one H) in German, French and Spanish - Statistics

General Stats
  • This quiz has been taken 45 times
  • The average score is 11 of 18
Answer Stats
English Translation % Correct
What | Spanish Qué
97%
Who | French Qui
92%
What | German Was
75%
Where | German Wo
75%
Where | Spanish Dónde
72%
How | German Wie
72%
How | Spanish Cómo
69%
Why | French Pourquoi
67%
Why | German Warum
67%
Why | Spanish Por qué
64%
How | French Comment
61%
Where | French Ou
61%
Who | Spanish Quién
58%
When | Spanish Cuando
56%
Who | German Wer
56%
When | German Wann
50%
What | French Quelle | Quel
42%
When | French Lorsque
11%
No matching quizzes found
Score Distribution
Percent of People with Each Score
Percentile by Number Answered
Your Score History
You have not taken this quiz